000
00315nam a22001457a 4500
008
210514b ||||| |||| 00| 0 eng d
020
_a
676251834673
041
_a
eng
080
_a
82
082
_a
82
100
_a
21
101
_a
GJL
245
_a
Romance of the Three Kingdoms
_c
Chung,L.K
942
_2
udc
_c
BK
999
_c
57318
_d
57318